| 000 | 00398nam a22001337u 4500 | ||
|---|---|---|---|
| 008 | 130405s1944 xxu||||| |||| 00| 0 spa d | ||
| 041 | _aspa | ||
| 100 | 1 |
_aProhászka, Ottokár _944223 |
|
| 245 | 0 | 0 |
_aFuente de aguas vivas _b:Meditaciones sobre el Sacratísimo Corazón de Jesús _cOttokár Prohászka |
| 260 |
_aMadrid: _bStudium, _c1944 |
||
| 300 |
_a204 p. _c;22 cm. |
||
| 942 | _cBK | ||
| 001 | 92988 | ||
| 999 |
_c285471 _d285471 |
||